000
00336nam a2200145Ia 4500
008
191201s2007 xx 000 0 und d
082
_a
006.7
_b
ANM
100
_a
THAKRAR, Andleigh
245
0
_a
Multimedia Systems Design
250
_a
Rep.
260
_a
N.Delhi
_b
PHI
_c
2007
300
_a
654
650
_a
B.Tech(IT)
942
_2
ddc
_c
BK
999
_c
2918
_d
2918